Elimination - Video Game Characters #1 - Statistics

General Stats
  • This quiz has been taken 13 times
    12 since last reset
  • The average score is 3 of 6
Answer Stats
Hint % Correct
... Has an animal in their name
100%
... Is NOT from a platformer
56%
... Is NOT named after a bird
56%
... Is from a stealth game series
44%
... Is named after a reptile
44%
... Is real name is David Solid Snake
44%
No matching quizzes found
Score Distribution
Percent of People with Each Score
Percentile by Number Answered
Your Score History
You have not taken this quiz since the last reset